<?xml version="1.0" encoding="UTF-8"?>
<record
    xmlns:xsi="http://www.w3.org/2001/XMLSchema-instance"
    xsi:schemaLocation="http://www.loc.gov/MARC21/slim http://www.loc.gov/standards/marcxml/schema/MARC21slim.xsd"
    xmlns="http://www.loc.gov/MARC21/slim">

  <leader>03248cam a22003015a 4500</leader>
  <controlfield tag="001">18098634</controlfield>
  <controlfield tag="005">20201128024117.0</controlfield>
  <controlfield tag="008">140401t2014    njua   fr     001 0 eng d</controlfield>
  <datafield tag="020" ind1=" " ind2=" ">
    <subfield code="a">9781118726310</subfield>
  </datafield>
  <datafield tag="040" ind1=" " ind2=" ">
    <subfield code="a">DLC</subfield>
    <subfield code="b">eng</subfield>
    <subfield code="c">DLC</subfield>
    <subfield code="d">DLC</subfield>
    <subfield code="d">EG-ScBUE</subfield>
  </datafield>
  <datafield tag="082" ind1="0" ind2="4">
    <subfield code="2">22</subfield>
    <subfield code="a">658.4012</subfield>
    <subfield code="b">NIV</subfield>
  </datafield>
  <datafield tag="100" ind1="1" ind2=" ">
    <subfield code="a">Niven, Paul R.</subfield>
  </datafield>
  <datafield tag="245" ind1="1" ind2="0">
    <subfield code="a">Balanced scorecard evolution :</subfield>
    <subfield code="b">a dynamic approach to strategy execution /</subfield>
    <subfield code="c">Paul R. Niven.</subfield>
  </datafield>
  <datafield tag="260" ind1=" " ind2=" ">
    <subfield code="a">Hoboken :</subfield>
    <subfield code="b">John Wiley &amp; Sons,</subfield>
    <subfield code="c">c.2014.</subfield>
  </datafield>
  <datafield tag="300" ind1=" " ind2=" ">
    <subfield code="a">xv1, 252 p. :</subfield>
    <subfield code="b">ill. ;</subfield>
    <subfield code="c">23 cm.</subfield>
  </datafield>
  <datafield tag="490" ind1="0" ind2=" ">
    <subfield code="a">Wiley corporate F&amp;A series</subfield>
  </datafield>
  <datafield tag="500" ind1=" " ind2=" ">
    <subfield code="a">Includes index.</subfield>
  </datafield>
  <datafield tag="520" ind1=" " ind2=" ">
    <subfield code="a">"The best plan is useless without effective executionThe future of business has become so unpredictable that your five-year plan may be irrelevant next week. To succeed in the modern market, you must constantly assess your progress and adapt on the fly. Agility, flexibility, continual learning, and adaptation are the new rules of business success. A differentiating strategy is crucial, but it will only lead to competitive advantage if you execute it flawlessly. You'll succeed only if you have the right insight for strategic planning and the agility to execute your plan.Balanced Scorecard Evolution: A Dynamic Approach to Strategy Execution provides the latest theory and practice from strategic planning, change management, and strategy execution to ensure your business is flexible, future ready, and primed for exceptional execution. Author Paul R. Niven guides you through the new principles of The Balanced Scorecard and shows you how to apply them to your planning and strategy execution endeavors.  Read case studies that illustrate the theory and practice of strategic agility and execution  Learn how to create the objectives, measures, targets, and strategic initiatives that can make your plan a reality  Use the latest change management techniques to boost strategy execution success  Gain the knowledge and tools you need to face your challenges head-on  Motivate your employees to change behaviors toward plan accommodation  Making a plan isn't enough. You must actually take steps to implement your plan, and this requires excellent leadership skills. Change can be hard, and your organization may be resistant. Balanced Scorecard Evolution: A Dynamic Approach to Strategy Execution provides everything you need to make things happen"--</subfield>
  </datafield>
  <datafield tag="520" ind1=" " ind2=" ">
    <subfield code="a">"Balanced Scorecard Evolution: A Dynamic Approach to Strategy Execution provides the latest theory and practice from strategic planning, change management, and strategy execution to ensure your business is flexible, future ready, and primed for exceptional execution. Author Paul R. Niven guides you through the new principles of The Balanced Scorecard and shows you how to apply them to your planning and strategy execution endeavors"--</subfield>
  </datafield>
  <datafield tag="650" ind1=" " ind2="7">
    <subfield code="a">Organizational effectiveness.</subfield>
    <subfield code="2">BUEsh</subfield>
    <subfield code="9">891</subfield>
  </datafield>
  <datafield tag="650" ind1=" " ind2="7">
    <subfield code="a">Strategic planning.</subfield>
    <subfield code="2">BUEsh</subfield>
    <subfield code="9">1643</subfield>
  </datafield>
  <datafield tag="650" ind1=" " ind2="7">
    <subfield code="a">Organizational change.</subfield>
    <subfield code="2">BUEsh</subfield>
    <subfield code="9">885</subfield>
  </datafield>
  <datafield tag="650" ind1=" " ind2="0">
    <subfield code="a">Balanced scorecard (Management)</subfield>
    <subfield code="2">BUEsh</subfield>
  </datafield>
  <datafield tag="651" ind1=" " ind2=" ">
    <subfield code="2">BUEsh</subfield>
  </datafield>
  <datafield tag="653" ind1=" " ind2=" ">
    <subfield code="b">BUSADM</subfield>
    <subfield code="c">January2017</subfield>
  </datafield>
  <datafield tag="776" ind1="0" ind2="8">
    <subfield code="i">Online version:</subfield>
    <subfield code="a">Niven, Paul R.</subfield>
    <subfield code="t">Balanced scorecard evolution</subfield>
    <subfield code="d">Hoboken, New Jersey : Wiley, [2014]</subfield>
    <subfield code="z">9781118939017</subfield>
    <subfield code="w">(DLC) 2014013291</subfield>
  </datafield>
  <datafield tag="942" ind1=" " ind2=" ">
    <subfield code="2">ddc</subfield>
  </datafield>
  <datafield tag="999" ind1=" " ind2=" ">
    <subfield code="c">23850</subfield>
    <subfield code="d">23822</subfield>
  </datafield>
  <datafield tag="952" ind1=" " ind2=" ">
    <subfield code="0">0</subfield>
    <subfield code="1">0</subfield>
    <subfield code="2">ddc</subfield>
    <subfield code="4">0</subfield>
    <subfield code="7">0</subfield>
    <subfield code="8">Academic</subfield>
    <subfield code="a">MAIN</subfield>
    <subfield code="b">MAIN</subfield>
    <subfield code="c">1ST</subfield>
    <subfield code="d">2017-01-05</subfield>
    <subfield code="e">Purchase</subfield>
    <subfield code="g">399.90</subfield>
    <subfield code="h">2000090</subfield>
    <subfield code="l">0</subfield>
    <subfield code="o">658.4012 NIV</subfield>
    <subfield code="p">000040772</subfield>
    <subfield code="r">2025-07-15 00:00:00</subfield>
    <subfield code="v">499.88</subfield>
    <subfield code="y">BB</subfield>
  </datafield>
</record>
